| 000 | 00396nam a22001697a 4500 | ||
|---|---|---|---|
| 005 | 20170401125637.0 | ||
| 008 | 170401b xxu||||| |||| 00| 0 eng d | ||
| 020 | _a978-0-0-069967-0 | ||
| 041 | _aeng | ||
| 100 |
_aKOTHARI,D.P,NAGRATH,I.P _93752 |
||
| 245 | _aELECTRICAL MACHINES | ||
| 250 | _a4th | ||
| 260 |
_bMCGRAW HILL _c210 |
||
| 300 | _a314 | ||
| 650 |
_aENGINEERING _93753 |
||
| 942 | _cBK | ||
| 999 |
_c5370 _d5368 |
||